000 00704nam a2200169Ia 4500
008 090201s9999 xx 000 0 und d
010 _aKPL-19976
040 _bमराठी
041 _aमराठी
082 _a24551
_b19976
100 _aमहादेव दामोदर भट
245 _aस्वामी स्वरुपानंद एक अलौकिक राजयोगि
_cमहादेव दामोदर भट
260 _c2004
_bजोशी ब्रदर्स पब्लिशर्स
300 _a152
_bमोठा
600 _aस्वामी स्वरुपानंद एक अलौकिक राजयोगि
942 _cBOOK
999 _c223863
_d223863